| 000 | 00575nam a22002057a 4500 | ||
|---|---|---|---|
| 003 | CEME | ||
| 005 | 20210628205655.0 | ||
| 008 | 210114b xxu||||| |||| 00| 0 eng d | ||
| 020 | _a9788131720929 | ||
| 040 | _c. | ||
| 082 | _a621.382 SKL | ||
| 100 |
_aSklar, Bernard _9694 |
||
| 245 | _aDigital communicaitons,fundamentals and applicaitons | ||
| 250 | _a2ND | ||
| 260 |
_aINDIA _bPEARSON EDUCATION _c2015 |
||
| 300 | _aXXV, 1135P | ||
| 650 |
_aDIGITAL COMMUNICAITONS - FUNDAMENTALS AND APPLICAITONS _976582 |
||
| 700 |
_aRAY, PABITRA KUMAR _976583 |
||
| 942 |
_cBK _2ddc |
||
| 999 |
_c581945 _d581945 |
||